01261nam a2200265 a 450000100060000000300080000600500170001400800410003103500190007204000350009104100080012608200240013410000440015824502230020226000880042530000380051350200940055150400320064565000350067770000460071270000470075894200130080599900170081895201600083586334BD-RjUL20260408110953.0260408s2023 bg a|||| m||| 00| 0 eng d a(BD-RjUL)86334 aBD-RjULbengcBD-RjULdBD-RjUL aeng 223a553.7bZOI 2023 aIslam, Md. Zohurul, Submitted by91805910aImpacts of Dyeing Effluents on Water at Cottage Industrial Areas of Sirajganj District in Bangladesh /cSubmitted by, Md. Zohurul Islam ;6Principal Supervisor : Md. Golam Mostafa, Co-Supervisor : Md. Rashidul Hasanb  aRajshahi :bInstitute of Environmental Science (IES), University of Rajshahi,c2023 axxi, 216 Leaves :bill, ;c30 cm. aThesis (Ph. D.) -- Institute of Environmental Science (IES), University of Rajshahi, 2023 aReferences : Leaves 175-182 aDyeing EffluentsvWater918060 aMostafa, Md. Golam, Principal Supervisor  aHasan, Md. Rashidul, Co-Supervisor 911327 2ddccTHE c86334d86334 102ddc40718THESESaRUCLbRUCLcDoc/Thed0000-00-00eController of Examination Office, R. U.l0oTHE 553.7 ZOI 2023pD5269r2026-04-08 00:00:00tC-1yTHE